Bester Dartspieler nach Nationalität - Statistiken

Allgemein
  • Dieses Quiz wurde 2.659 mal gespielt
    328 seit der letzten Aktualisierung
  • Das Durchschnittsergebnis liegt bei 19 aus 37
Antwortstatistiken
Rang Nationalität Spieler % Korrekt
1 England Luke Littler
100%
15 Deutschland Martin Schindler
96%
3 Niederlande Gian van Veen
95%
6 Schottland Gary Anderson
94%
5 Wales Jonny Clayton
88%
17 Australien Damon Heta
86%
9 Nordirland Josh Rock
83%
28 Polen Krzysztof Ratajski
80%
55 Österreich Mensur Suljovic
79%
19 Belgien Mike De Decker
74%
45 Lettland Madars Razma
72%
115 Singapur Paul Lim
67%
82 Portugal José de Sousa
63%
62 Frankreich Thibault Tricole
59%
43 Irland William O’Connor
59%
91 Schweiz Stefan Bellmont
58%
88 Litauen Darius Labanauskas
57%
51 Schweden Jeffrey de Graaf
51%
115 Indien Nitin Kumar
45%
115 Kenia David Munyua
43%
127 Kroatien Boris Krcmar
41%
68 Tschechien Karel Sedlacek
40%
94 Norwegen Cor Dekker
39%
144 Spanien Cristo Reyes
38%
67 Kanada Matt Campbell
35%
115 Japan Motomu Sakai
31%
128 Philippinen Alexis Toylo
30%
144 Hongkong Man Lok Leung
25%
144 Argentinien Jesus Salate
24%
89 Neuseeland Haupai Puha
23%
137 Finnland Teemu Harju
20%
108 Dänemark Benjamin Drue Reus
17%
105 USA Danny Lauby
15%
144 China Xiaochen Zong
14%
188 Slowenien Benjamin Pratnemer
13%
129 Italien Michele Turetta
11%
144 Ungarn Patrik Kovacs
10%
Keine übereinstimmenden Quizze gefunden
Verteilung der Resultate
Anzahl Personen mit jedem Resultat
Perzentil nach korrekt beantworteten Fragen
Ihre Resultats-Entwicklung
Sie haben dieses Quiz seit der letzten Aktualisierung nicht gespielt